The seat of power / (Record no. 76611)
[ view plain ]
| 000 -LEADER | |
|---|---|
| fixed length control field | 00745nam a22002532a 4500 |
| 001 - CONTROL NUMBER | |
| control field | 76611 |
| 003 - CONTROL NUMBER IDENTIFIER | |
| rucl marc code | BD-RjUL |
| 005 - DATE AND TIME OF LATEST TRANSACTION | |
| control field | 20211209082850.0 |
| 008 - FIXED-LENGTH DATA ELEMENTS--GENERAL INFORMATION | |
| fixed length control field | 860101t19661965nyu 000 1 eng d |
| 035 ## - SYSTEM CONTROL NUMBER | |
| System control number | BD-RjUL)76835 |
| 040 ## - CATALOGING SOURCE | |
| Original cataloging agency | IDB |
| Transcribing agency | IDB |
| Modifying agency | BGU |
| -- | EQO |
| Language of cataloging | eng |
| 041 ## - LANGUAGE CODE | |
| Language code of text/sound track or separate title | eng |
| 082 ## - DEWEY DECIMAL CLASSIFICATION NUMBER | |
| Edition number | 19 |
| Classification number | 813.5 |
| Author mark and year | HOS 1965 |
| 090 ## - LOCALLY ASSIGNED LC-TYPE CALL NUMBER (OCLC); LOCAL CALL NUMBER (OCLC) | |
| Classification number (OCLC) (R) ; Classification number, CALL (RLIN) (NR) | PZ3.H78383 |
| Local cutter number (OCLC) ; Book number/undivided call number, CALL (RLIN) | Sc2x |
| 092 ## - LOCALLY ASSIGNED DEWEY CALL NUMBER (OCLC) | |
| Classification number | D0503217720 |
| 100 1# - MAIN ENTRY--PERSONAL NAME | |
| Personal name | Horan, James D. |
| Fuller form of name | (James David), |
| Dates associated with a name | 1914-1981. |
| 9 (RLIN) | 236890 |
| 245 14 - TITLE STATEMENT | |
| Title | The seat of power / |
| Statement of responsibility, etc. | by James D. Horan |
| 260 ## - PUBLICATION, DISTRIBUTION, ETC. (IMPRINT) | |
| Place of publication, distribution, etc. | New York : |
| Name of publisher, distributor, etc. | Dell, |
| Date of publication, distribution, etc. | 1966,c1965 |
| 300 ## - PHYSICAL DESCRIPTION | |
| Pagination | 473 p. ; |
| Size | 18 cm |
| 650 #0 - SUBJECT ADDED ENTRY--TOPICAL TERM | |
| Topical term or geographic name as entry element | Organized crime |
| Geographic subdivision | New York (N.Y.) |
| General subdivision | Fiction |
| 9 (RLIN) | 236891 |
| 651 #0 - SUBJECT ADDED ENTRY--GEOGRAPHIC NAME | |
| Geographic name | New York (N.Y.) |
| General subdivision | Fiction |
| 9 (RLIN) | 236892 |
| 942 ## - ADDED ENTRY ELEMENTS (KOHA) | |
| Source of classification or shelving scheme | Dewey Decimal Classification |
| Koha item type | Books |
| Lost status | Source of classification or shelving scheme | Damaged status | Not for loan | Collection code | Permanent Location | Current Location | Shelving location | Date acquired | Source of acquisition | Total Checkouts | Full call number | Date last seen | Copy number | Koha item type |
|---|---|---|---|---|---|---|---|---|---|---|---|---|---|---|
| Dewey Decimal Classification | Non-fiction | Central Library, University of Rajshahi | Central Library, University of Rajshahi | Reading Room | 01/05/1967 | USA | 813.5 HOS 1965 | 26/12/2019 | C-1 | Books |